| 000 | 00785cam a22002174a 4500 | ||
|---|---|---|---|
| 005 | 20250605164408.0 | ||
| 008 | 250528s ||||||||||||||||||||||||d | ||
| 035 | _a24925 | ||
| 020 | _a9780870842269 | ||
| 040 |
_aGR-AtMCL _bgre _dGR-AtMCL _eAACR2 |
||
| 245 | 1 | _aVictimology / Second Edition | |
| 250 | _a2nd | ||
| 260 |
_bAnderson Publishing Co., _c1998 |
||
| 300 | _a344 | ||
| 520 | _aList of Figures and Tables, The Scope of Victimology, Gauging the Extent of Criminal Victimization, The Costs of Being a Victim, Remedying the Plight of Victims, Sexual Assault, Spouse Abuse, Child Maltreatment, Elder Abuse, Homicide, Victim Rights, References. | ||
| 700 | 1 |
_aDoerner William G _99668 |
|
| 700 | 1 |
_aLab Steven P _99669 |
|
| 942 | _cBK | ||
| 999 |
_c9755 _d9755 |
||